000 00528nam a22001932 4500
001 0000002698
005 20170406114428.0
008 140331s xx 000 0 eng d
020 _c$
040 _aYour Holding Symbol
_cYour Holding Symbol
100 1 _aArmstrong David G.
245 1 0 _aSocial studies in secondary education.
250 _a ed.
260 _alondon :
_bMacmillan publishers,
_c1980.
300 _a429 p. ;
_c cm.
504 _aindex.
650 0 _asocial sciences.
908 _a140331
999 _c2584
_d2584